Lojálny zákazník-cieľ každej organizácie

Získanie konkurenčnej výhody pre organizáciu. Zákazník ako najdôležitejší element organizácie. Identifikácia typického zákazníka. Charakteristika spokojného zákazníka. Dôvody nespokojnosti zákazníka. Lojálny zákazník.

Gespeichert in:
Bibliographische Detailangaben
1. Verfasser: Mikulková, Miriam
Format: Buchkapitel
Sprache:Slowakisch
Schlagworte:
Tags: Tag hinzufügen
Keine Tags, Fügen Sie das erste Tag hinzu!

MARC

LEADER 00000naa$a2200000$$$4500
001 0067827
005 20231012070915.9
041 0 |a slo 
044 |a SK 
245 1 0 |a Lojálny zákazník-cieľ každej organizácie  |c Miriam Mikulková 
520 |a Získanie konkurenčnej výhody pre organizáciu. Zákazník ako najdôležitejší element organizácie. Identifikácia typického zákazníka. Charakteristika spokojného zákazníka. Dôvody nespokojnosti zákazníka. Lojálny zákazník. 
610 2 0 |a organizácie 
610 2 0 |a zákazníci 
610 2 0 |a spokojnosť zákazníkov 
610 2 0 |a lojálnosť zákazníkov 
100 1 |a Mikulková, Miriam